000
00299 a2200133 4500
001
63642
082
_a
629.1 AND
090
_c
37640
_d
37640
100
_a
Anderson J.D
245
_a
Introduction to Flight
_h
English
250
_a
2nd Edition
260
_a
NY
_b
McGraw-Hill
_c
1985
300
_b
560p
942
_a
NUST-CAE
_k
629.1 AND
999
_c
298715
_d
298715